| 000 | 00698nam a2200193 a 4500 | ||
|---|---|---|---|
| 001 | 5810 | ||
| 003 | CDMR | ||
| 005 | 20130313105015.0 | ||
| 008 | 130130s ||||||||||||||||||||||||||||d | ||
| 020 | _a8429729402 | ||
| 040 |
_aCDMR _bcat _cCDMR |
||
| 245 | 0 | 0 |
_aHistòria gràfica de Catalunya dia a dia 1988 _c[creació, direcció i disseny: Joaquim Sabrià, Marisa Trigo i Enric Mir] ; redacció de Xavier Febrés; pròleg de Manuel Ibàñez Escofet ; entrevistes de Patrícia Gabancho |
| 260 |
_aBarcelona _bEdicions 62 _c1989 |
||
| 700 | 1 |
_91324 _aFebrés, Xavier |
|
| 700 | 1 |
_92677 _aGabancho, Patrícia |
|
| 700 | 1 |
_91203 _aIbañez Escofet, Manuel |
|
| 700 | 1 |
_93031 _aMir, Enric |
|
| 942 |
_cMON _2udc |
||
| 999 |
_c5810 _d5810 |
||